Suzuki two-strokes : All two-stroke singles, twins, and triples (plus RE5), 1952 to 1979
Gespeichert in:
| 1. Verfasser: | |
|---|---|
| Format: | Buch |
| Sprache: | Undetermined |
| Veröffentlicht: |
London
Osprey Pub
1984
|
| Schlagworte: | |
| Tags: |
Tag hinzufügen
Keine Tags, Fügen Sie den ersten Tag hinzu!
|
| Thư viện lưu trữ: | Trung tâm Học liệu Trường Đại học Cần Thơ |
|---|
| LEADER | 00542nam a2200193Ia 4500 | ||
|---|---|---|---|
| 001 | CTU_112106 | ||
| 008 | 210402s9999 xx 000 0 und d | ||
| 082 | |a 629.2275 | ||
| 082 | |b B129 | ||
| 100 | |a Bacon, Roy Hunt | ||
| 245 | 0 | |a Suzuki two-strokes : | |
| 245 | 0 | |b All two-stroke singles, twins, and triples (plus RE5), 1952 to 1979 | |
| 245 | 0 | |c Roy Hunt Bacon | |
| 260 | |a London | ||
| 260 | |b Osprey Pub | ||
| 260 | |c 1984 | ||
| 650 | |a Suzuki motorcycle | ||
| 904 | |i Năm | ||
| 980 | |a Trung tâm Học liệu Trường Đại học Cần Thơ | ||